| 000 | 00000nam##2200000za#4500 |
| 001 | 9.570626 |
| 003 | CaOODSP |
| 005 | 20220623092434 |
| 007 | cr ||||||||||| |
| 008 | 150406|2001||||xxc|||||o f|0| 0 eng|d |
| 040 | |aCaOODSP|beng |
| 043 | |an-cn--- |
| 086 | 1 |aC21-23/27-2001E-PDF |
| 110 | 1 |aCanada. |bIndustry Canada. |
| 245 | 14|aThe location of higher value-added activities : |h[electronic resource]|boccasional paper number 27, April 2001 / |cby Steven Globerman. |
| 260 | |aOttawa - Ontario : |bIndustry Canada |cApril 2001. |
| 300 | |a57p. |
| 490 | 1 |aOccasional paper|vNo. 27 |
| 500 | |aThe catalogue number (C21-23/27-2001) and ISBN (0-662-65764-0) for the bilingual print edition have been incorrectly copied in this electronic publication. |
| 504 | |aBibliography. |
| 590 | |a11-09-Supp|b2011-06-30 |
| 720 | 1 |aGloberman, Steven |
| 775 | 08|tLa localisation des activités à plus grande valeur ajoutée : |w(CaOODSP)9.601273 |
| 776 | 0#|tLa localisation des activités à plus grande valeur ajoutée / |w(CaOODSP)9.535131 |
| 776 | 0#|tThe location of higher value-added activities / |w(CaOODSP)9.535130 |
| 830 | #0|aOccasional paper (Canada. Industry Canada)|vNo. 27|w(CaOODSP)9.504752 |
| 856 | 40|ahttp://publications.gc.ca|qPDF|s158 KB|uhttps://publications.gc.ca/collections/Collection/C21-23-27-2001E.pdf|yNo. 27 |